[Event "NCL967 Slough-Northumbria"]
[Site "Rd4"]
[Date "1996.11.24"]
[Round "4.4"]
[White "Wall, Tim"]
[Black "Lalic, Susan"]
[Result "1/2-1/2"]
[WhiteElo "2320"]
[BlackElo "2365"]
[PlyCount "59"]
[EventDate "1996.11.24"]
[Source "J.Saunders"]
[SourceDate "1998.06.06"]

1. d4 e6 2. e4 d5 3. e5 c5 4. c3 Nc6 5. Nf3 Bd7 6. Bd3 Rc8 7. a3 cxd4 8. cxd4
Qb6 9. Bc2 Nxd4 10. Nxd4 Bc5 11. Nf3 Bxf2+ 12. Ke2 g5 13. Bxg5 Ne7 14. Bd3 Rg8
15. Qd2 h6 16. Kf1 hxg5 17. Qxf2 Rc1+ 18. Ne1 Bb5 19. Bxb5+ Qxb5+ 20. Qe2 Qc5
21. a4 Nc6 22. g3 Nd4 23. Qf2 Qc4+ 24. Kg2 Nb3 25. Rf1 Rg7 26. Nd2 Nxd2 27.
Rxc1 Qxc1 28. Qxa7 Nxf1 29. Qb8+ Kd7 30. Qd6+ 1/2-1/2

[Event "NCL967 Slough-Northumbria"]
[Site "Rd4"]
[Date "1996.11.24"]
[Round "4.5"]
[White "Houska, Miroslav"]
[Black "Ledger, David"]
[Result "1-0"]
[WhiteElo "2265"]
[BlackElo "2235"]
[PlyCount "109"]
[EventDate "1996.11.24"]
[Source "J.Saunders"]
[SourceDate "1998.06.06"]

1. d4 Nf6 2. Nf3 g6 3. Bg5 Bg7 4. Nbd2 d6 5. e4 h6 6. Bh4 Nc6 7. c3 O-O 8. Be2
Nh5 9. d5 Nb8 10. O-O Nf4 11. Bc4 g5 12. Bg3 e5 13. dxe6 fxe6 14. Qb3 Qe8 15.
Nd4 Nc6 16. Bxf4 Bxd4 17. cxd4 Rxf4 18. Qc3 Bd7 19. g3 Rf8 20. e5 d5 21. Be2
Nd8 22. Rfc1 Bb5 23. Bd1 Rc8 24. a4 Ba6 25. b4 b6 26. b5 Bb7 27. Nf1 c5 28. Ne3
Qg6 29. Ng4 h5 30. Nf6+ Rxf6 31. exf6 Qxf6 32. Bxh5 cxd4 33. Qf3 Qxf3 34. Bxf3
Rc3 35. Bg4 e5 36. Kf1 Kg7 37. Ke2 Rc5 38. Kd3 Nf7 39. f4 Kf6 40. h4 gxf4 41.
gxf4 exf4 42. Kxd4 Ne5 43. Bh5 Nc4 44. Be2 Ne3 45. Bd3 Rc8 46. Rxc8 Bxc8 47.
Rc1 Bh3 48. Rc6+ Be6 49. Rc7 Ng4 50. Rxa7 f3 51. a5 bxa5 52. b6 Ne5 53. b7 f2
54. Ra6 Nd7 55. Ke3 1-0

[Event "NCL967 Slough-Northumbria"]
[Site "Rd4"]
[Date "1996.11.24"]
[Round "4.6"]
[White "Waters, Clive"]
[Black "Smith, Andrew P"]
[Result "1-0"]
[WhiteElo "2235"]
[BlackElo "2265"]
[PlyCount "57"]
[EventDate "1996.11.24"]
[Source "J.Saunders"]
[SourceDate "1998.06.06"]

1. e4 c5 2. d3 Nc6 3. f4 d6 4. Nf3 Bd7 5. Be2 g6 6. O-O Bg7 7. c3 Nh6 8. Qe1 f5
9. Na3 Qc7 10. Kh1 O-O-O 11. Nb5 Qb6 12. a4 Kb8 13. e5 Bc8 14. d4 a6 15. dxc5
dxc5 16. Na3 Na5 17. Be3 Ng4 18. Bg1 Nb3 19. Nc4 Qc7 20. Ra3 Na5 21. Nxa5 Qxa5
22. h3 h5 23. Ng5 Rdf8 24. g3 Nh6 25. b4 cxb4 26. cxb4 Qd5+ 27. Bf3 Qc4 28. Rc3
Qa2 29. Qe3 1-0

[Event "NCL967 Slough-Northumbria"]
[Site "Rd4"]
[Date "1996.11.24"]
[Round "4.7"]
[White "Webb, Richard"]
[Black "King, Jonathan"]
[Result "1/2-1/2"]
[WhiteElo "2290"]
[BlackElo "2115"]
[PlyCount "32"]
[EventDate "1996.11.24"]
[Source "J.Saunders"]
[SourceDate "1998.06.06"]

1. e4 e5 2. Nf3 Nc6 3. Bb5 f5 4. Qe2 Qe7 5. Nc3 Nf6 6. exf5 e4 7. Bxc6 bxc6 8.
Nd4 c5 9. Ndb5 d5 10. d3 a6 11. dxe4 axb5 12. e5 c6 13. exf6 Qxe2+ 14. Nxe2
Bxf5 15. c3 gxf6 16. f3 Kf7 1/2-1/2

[Event "NCL967 Slough-Northumbria"]
[Site "Rd4"]
[Date "1996.11.24"]
[Round "4.8"]
[White "Barnes, Lara"]
[Black "Houska, Jovanka"]
[Result "0-1"]
[WhiteElo "1264"]
[BlackElo "2115"]
[PlyCount "104"]
[EventDate "1996.11.24"]
[Source "J.Saunders"]
[SourceDate "1998.06.06"]

1. Nf3 d5 2. g3 Nf6 3. Bg2 Bf5 4. d3 e6 5. O-O c6 6. Nbd2 Nbd7 7. b3 Qc7 8. Bb2
Bd6 9. Nd4 Bg6 10. e4 e5 11. Ne2 O-O 12. a4 a5 13. c3 Qb6 14. exd5 cxd5 15. d4
Bd3 16. dxe5 Nxe5 17. Nf3 Bxe2 18. Qxe2 Nxf3+ 19. Bxf3 Qxb3 20. Rfb1 Rfe8 21.
Qd2 Qc4 22. Rd1 Re5 23. Re1 Rae8 24. Rxe5 Rxe5 25. Qd1 Bc5 26. Rb1 h6 27. Bc1
Ne4 28. Rxb7 Nxf2 29. Rb8+ Kh7 30. Qc2+ Qd3 31. Qxd3+ Nxd3+ 32. Kg2 Nxc1 33.
Rb5 d4 34. cxd4 Bxd4 35. Rb7 Nd3 36. Bd1 Nb2 37. Bc2+ f5 38. Kh3 Rc5 39. Bb1 h5
40. Rf7 Kg6 41. Rd7 Bf6 42. Ba2 Nxa4 43. Ra7 Nc3 44. Bf7+ Kg5 45. Kg2 h4 46.
Ra8 hxg3 47. hxg3 Ne4 48. Rh8 Rc2+ 49. Kf3 Bd4 50. Rh5+ Kf6 51. Rxf5+ Kxf5 52.
g4+ Ke5 0-1

[Event "NCL967 NW Eagles-Na Fianna"]
[Site "Rd4"]
[Date "1996.11.24"]
[Round "4.1"]
[White "Littlewood, John"]
[Black "King, Danny"]
[Result "1/2-1/2"]
[WhiteElo "2275"]
[BlackElo "2535"]
[PlyCount "41"]
[EventDate "1996.11.24"]
[Source "J.Saunders"]
[SourceDate "1998.06.06"]

1. e4 c5 2. Nf3 d6 3. g3 g6 4. Bg2 Bg7 5. O-O Nc6 6. c3 Bg4 7. h3 Bxf3 8. Qxf3
e6 9. d3 Nge7 10. Be3 O-O 11. Na3 Rc8 12. Qe2 Qd7 13. Rad1 b6 14. Nc2 d5 15.
Bc1 b5 16. f4 b4 17. e5 bxc3 18. bxc3 f6 19. exf6 Bxf6 20. Ba3 Nd8 21. c4
1/2-1/2

[Event "NCL967 NW Eagles-Na Fianna"]
[Site "Rd4"]
[Date "1996.11.24"]
[Round "4.2"]
[White "Richardson, John"]
[Black "Quillan, Gary"]
[Result "0-1"]
[WhiteElo "2310"]
[BlackElo "2320"]
[PlyCount "44"]
[EventDate "1996.11.24"]
[Source "J.Saunders"]
[SourceDate "1998.06.06"]

1. d4 Nf6 2. c4 c5 3. d5 e6 4. Nc3 exd5 5. cxd5 d6 6. e4 g6 7. f4 Bg7 8. Bb5+
Bd7 9. Be2 Qe7 10. Qc2 Na6 11. Nf3 Nb4 12. Qb1 Nbxd5 13. Nxd5 Nxd5 14. O-O O-O
15. Re1 Nf6 16. Bd3 Bg4 17. Bd2 Bxf3 18. gxf3 Nh5 19. Qc1 Qh4 20. e5 dxe5 21.
fxe5 Qd4+ 22. Re3 Bh6 0-1

[Event "NCL967 NW Eagles-Na Fianna"]
[Site "Rd4"]
[Date "1996.11.24"]
[Round "4.3"]
[White "Sheldon, Ruth"]
[Black "O'Shaughnessy, Conor"]
[Result "1/2-1/2"]
[WhiteElo "2230"]
[BlackElo "2260"]
[PlyCount "75"]
[EventDate "1996.11.24"]
[Source "J.Saunders"]
[SourceDate "1998.06.06"]

1. d4 Nf6 2. c4 e6 3. Nc3 c5 4. d5 d6 5. Nf3 exd5 6. cxd5 g6 7. Bg5 Bg7 8. Nd2
h6 9. Bh4 O-O 10. e4 Re8 11. Be2 Nbd7 12. O-O g5 13. Bg3 Ne5 14. Re1 a6 15. a4
Rb8 16. a5 Nfd7 17. Ra3 Qf6 18. Nf1 b5 19. axb6 Rxb6 20. Qc2 Ng6 21. Rea1 Nf4
22. Bxa6 Bxa6 23. Rxa6 h5 24. Ne3 h4 25. Bxf4 Qxf4 26. Ra8 Rbb8 27. Rxb8 Rxb8
28. Nc4 Be5 29. g3 Qg4 30. Qd1 Qxd1+ 31. Nxd1 Rb4 32. Nde3 Bd4 33. Ra8+ Kg7 34.
Nxd6 Bxe3 35. fxe3 Rxb2 36. Nxf7 c4 37. e5 Nb6 38. Ra5 1/2-1/2

[Event "NCL967 NW Eagles-Na Fianna"]
[Site "Rd4"]
[Date "1996.11.24"]
[Round "4.4"]
[White "Heidenfeld, Mark"]
[Black "Smith, Alan A"]
[Result "1-0"]
[WhiteElo "2320"]
[BlackElo "2225"]
[PlyCount "49"]
[EventDate "1996.11.24"]
[Source "J.Saunders"]
[SourceDate "1998.06.06"]

1. e4 c5 2. Nf3 e6 3. d4 cxd4 4. Nxd4 a6 5. Nc3 Qc7 6. g3 Bb4 7. Nde2 Nf6 8.
Bg2 Be7 9. O-O Nc6 10. b3 d6 11. Bb2 O-O 12. Nf4 b5 13. Nd3 Bb7 14. Rc1 Ne5 15.
h3 Rfd8 16. f4 Qb6+ 17. Kh2 Nc4 18. bxc4 bxc4 19. e5 Ne8 20. Na4 Qc7 21. Ne1
Bxg2 22. Nxg2 dxe5 23. Qf3 exf4 24. Nxf4 Rd2+ 25. Kh1 1-0

[Event "NCL967 NW Eagles-Na Fianna"]
[Site "Rd4"]
[Date "1996.11.24"]
[Round "4.5"]
[White "Giblin, William"]
[Black "Lyell, Mark"]
[Result "1-0"]
[WhiteElo "2130"]
[BlackElo "2235"]
[PlyCount "97"]
[EventDate "1996.11.24"]
[Source "J.Saunders"]
[SourceDate "1998.06.06"]

1. d4 f5 2. Nc3 d5 3. Bg5 Be6 4. e3 Nd7 5. Nf3 c6 6. Qd2 Ngf6 7. Bf4 Bf7 8.
O-O-O e6 9. a3 b5 10. Ne5 Nxe5 11. Bxe5 b4 12. axb4 Bxb4 13. Bxf6 Qxf6 14. Qd3
O-O 15. Na4 f4 16. c3 Bd6 17. Qd2 Bh5 18. Be2 f3 19. Bxf3 Bxf3 20. gxf3 Qxf3
21. Rdf1 Rf6 22. Nc5 Bxc5 23. dxc5 a5 24. Rhg1 a4 25. Rg3 Qf5 26. Qc2 a3 27.
Qxf5 Rxf5 28. Kb1 axb2 29. Kxb2 Rf7 30. Rg4 Rfa7 31. Kc2 Ra2+ 32. Kd3 Rb2 33.
Rb4 Raa2 34. Rxb2 Rxb2 35. Kd4 Kf7 36. Ke5 Ke7 37. Rg1 Kf7 38. Rg2 g6 39. Kd6
Rc2 40. Kxc6 Ke7 41. Kc7 Rxc3 42. c6 Rc2 43. h4 e5 44. Rg5 Ke6 45. f4 exf4 46.
exf4 Rc4 47. Re5+ Kf6 48. Kd7 Rxf4 49. Re6+ 1-0

[Event "NCL967 NW Eagles-Na Fianna"]
[Site "Rd4"]
[Date "1996.11.24"]
[Round "4.6"]
[White "McMichael, Rick"]
[Black "Merriman, John"]
[Result "0-1"]
[WhiteElo "2200"]
[BlackElo "2275"]
[PlyCount "107"]
[EventDate "1996.11.24"]
[Source "J.Saunders"]
[SourceDate "1998.06.06"]

1. e4 e6 2. d4 d5 3. e5 c5 4. Qg4 Nc6 5. Nf3 cxd4 6. Bd3 f5 7. Qg3 Nh6 8. a3
Nf7 9. h4 g6 10. b4 a6 11. h5 Rg8 12. hxg6 Rxg6 13. Qh2 Bd7 14. Bf4 Qe7 15.
Nbd2 Bh6 16. g3 O-O-O 17. Nb3 Rdg8 18. Nh4 R6g7 19. Nf3 Rg6 20. O-O-O Ncxe5 21.
Nxe5 Nxe5 22. Bxh6 Ng4 23. Qg2 Rxh6 24. Rxh6 Nxh6 25. f4 Qg7 26. Qf1 Qxg3 27.
Bxa6 Ng4 28. Bb5 Bxb5 29. Qxb5 Qxf4+ 30. Kb1 Qc7 31. Nxd4 Ne3 32. Rd3 f4 33.
Kb2 e5 34. Rxe3 fxe3 35. Qxd5 Rd8 36. Qe6+ Qd7 37. Qc4+ Kb8 38. Nb3 Qd1 39. Qe4
Qd5 40. Qxe3 e4 41. Qf4+ Kc8 42. Nc5 Re8 43. Qe3 h5 44. Na4 Qe5+ 45. Kb3 Kb8
46. Nb6 Qe6+ 47. c4 Rd8 48. Ka4 Qe8+ 49. b5 Qe5 50. Nd5 Rc8 51. Nb6 Rd8 52. Nd5
h4 53. b6 Rc8 54. Kb3 0-1

[Event "NCL967 NW Eagles-Na Fianna"]
[Site "Rd4"]
[Date "1996.11.24"]
[Round "4.7"]
[White "Tebb, David"]
[Black "Connolly, Suzanne"]
[Result "1-0"]
[WhiteElo "2320"]
[BlackElo "1840"]
[PlyCount "49"]
[EventDate "1996.11.24"]
[Source "J.Saunders"]
[SourceDate "1998.06.06"]

1. e4 c6 2. d4 d5 3. e5 Bf5 4. Nf3 e6 5. Be2 Nd7 6. O-O Qb6 7. b3 c5 8. Be3 Ne7
9. Nc3 Nc6 10. dxc5 Qa5 11. Nb5 Ndxe5 12. Nxe5 Nxe5 13. b4 Qd8 14. Bf4 f6 15.
Nd4 Kf7 16. Nxf5 exf5 17. Qd2 g5 18. Bxe5 fxe5 19. Bf3 Ke6 20. Rad1 e4 21. Be2
Bg7 22. f3 h6 23. fxe4 dxe4 24. Qe3 Qe7 25. Bc4+ 1-0

[Event "NCL967 Midland Mons-NW Eagles"]
[Site "Rd5"]
[Date "1997.??.??"]
[Round "5.1"]
[White "Arkell, Keith"]
[Black "Littlewood, John"]
[Result "1-0"]
[WhiteElo "2545"]
[BlackElo "2275"]
[PlyCount "82"]
[EventDate "1997.01.25"]
[Source "J.Saunders"]
[SourceDate "1998.06.06"]

1. d4 Nf6 2. Nf3 d6 3. g3 g6 4. Bg2 Bg7 5. O-O O-O 6. c4 Nbd7 7. d5 e6 8. dxe6
fxe6 9. Nc3 Qe7 10. Bg5 c6 11. e4 e5 12. Qd2 Nc5 13. Rad1 Bg4 14. h3 Bxf3 15.
Bxf3 Ne6 16. Be3 Ne8 17. Bg2 a6 18. b4 Rf7 19. Ne2 b5 20. Rc1 Qb7 21. f4 Rd7
22. f5 Nf8 23. Qc2 gxf5 24. exf5 d5 25. cxd5 cxd5 26. g4 h6 27. Qd2 Nf6 28.
Bxh6 Ne4 29. Qe3 Bxh6 30. Qxh6 Qa7+ 31. Kh2 Rh7 32. Qc6 Rd8 33. Bxe4 dxe4 34.
Qxe4 Rd2 35. Rc5 Qf7 36. f6 Qxa2 37. Rxe5 Qb3 38. Rf3 Qd1 39. f7+ Rxf7 40. Rg5+
Rg7 41. Rxg7+ Kxg7 1-0

[Event "NCL967 Midland Mons-NW Eagles"]
[Site "Rd5"]
[Date "1997.??.??"]
[Round "5.2"]
[White "Lund, Brett"]
[Black "Hebden, Mark"]
[Result "1/2-1/2"]
[WhiteElo "2260"]
[BlackElo "2530"]
[PlyCount "146"]
[EventDate "1997.01.25"]
[Source "J.Saunders"]
[SourceDate "1998.06.06"]

1. g3 g6 2. Bg2 Bg7 3. c4 Nf6 4. Nc3 O-O 5. e4 c5 6. Nge2 Nc6 7. a3 d6 8. Rb1
Bg4 9. h3 Bxe2 10. Nxe2 a5 11. O-O Ne8 12. d3 Nc7 13. Be3 Ne6 14. f4 Ned4 15.
Nxd4 Nxd4 16. a4 Ra6 17. g4 e6 18. b3 Rb6 19. Bd2 Nc6 20. Kh1 Qf6 21. g5 Qd4
22. Rf3 Nb4 23. Be1 Rc8 24. Bf2 Qc3 25. d4 Qc2 26. dxc5 dxc5 27. e5 Bf8 28.
Qxc2 Nxc2 29. Rd1 Nd4 30. Bxd4 Rd8 31. Rfd3 cxd4 32. Kh2 h6 33. h4 hxg5 34.
hxg5 Kg7 35. Be4 Bc5 36. Rh3 Ba3 37. Kg2 Bb2 38. Kf2 Rh8 39. Rxh8 Kxh8 40. Bc2
Kg7 41. Ke2 Rc6 42. Kd3 Rc8 43. Rh1 Rd8 44. Rb1 Ba3 45. Rh1 Bc5 46. Bd1 Bb4 47.
Bf3 Rd7 48. Be4 Bc5 49. Rh2 Rd8 50. Rh1 b6 51. Bf3 Bb4 52. Be4 Bc3 53. Bf3 Rg8
54. Be4 Bb2 55. Rb1 Ba3 56. Ra1 Bc5 57. Rh1 Kf8 58. Rh2 Ke7 59. Rh7 Ba3 60. Rh1
Kf8 61. Ra1 Bb4 62. Rh1 Kg7 63. Bf3 Bc3 64. Bc6 Rh8 65. Rxh8 Kxh8 66. Bb5 Kg7
67. Bc6 Kf8 68. Bb5 Ke7 69. Bc6 Kd8 70. Bb5 Bb2 71. Kc2 Ba3 72. Bc6 Bb4 73. Kd3
Bc3 1/2-1/2

[Event "NCL967 Midland Mons-NW Eagles"]
[Site "Rd5"]
[Date "1997.??.??"]
[Round "5.3"]
[White "Parker, Jonathan"]
[Black "Quillan, Gary"]
[Result "1-0"]
[WhiteElo "2470"]
[BlackElo "2320"]
[PlyCount "77"]
[EventDate "1997.01.25"]
[Source "J.Saunders"]
[SourceDate "1998.06.06"]

1. d4 e6 2. c4 Nf6 3. Nc3 c5 4. d5 exd5 5. cxd5 d6 6. e4 g6 7. h3 Bg7 8. Nf3
O-O 9. Bd3 a6 10. a4 h6 11. Bf4 Re8 12. O-O g5 13. Bh2 g4 14. hxg4 Bxg4 15. Re1
Nh5 16. Be2 Nd7 17. Nd2 Bxe2 18. Qxe2 Qg5 19. Bxd6 f5 20. Bh2 Nf4 21. Qf3 Nxg2
22. Qxg2 Qxd2 23. d6 Kh8 24. Re2 Qd3 25. Re3 Qc2 26. Qh3 Rg8 27. Kh1 Raf8 28.
Bf4 Nf6 29. exf5 Qxf2 30. Rf1 Qxb2 31. Re2 Qb6 32. Bxh6 Nh7 33. Bf4 Qc6+ 34.
Ne4 Re8 35. Qxh7+ Kxh7 36. Rh2+ Bh6 37. Rxh6+ Kg7 38. Rg1+ Kf8 39. Rf6# 1-0

[Event "NCL967 Midland Mons-NW Eagles"]
[Site "Rd5"]
[Date "1997.??.??"]
[Round "5.4"]
[White "Sheldon, Ruth"]
[Black "Ferguson, Mark"]
[Result "0-1"]
[WhiteElo "2230"]
[BlackElo "2385"]
[PlyCount "140"]
[EventDate "1997.01.25"]
[Source "J.Saunders"]
[SourceDate "1998.06.06"]

1. d4 d5 2. c4 c6 3. Nf3 Nf6 4. Nc3 dxc4 5. a4 Bf5 6. Ne5 e6 7. g3 Bb4 8. Bg2
Ne4 9. Bxe4 Bxe4 10. O-O Bg6 11. e4 Nd7 12. Nxc4 O-O 13. f3 a5 14. Kh1 f6 15.
Qe2 Nb6 16. Be3 Nxc4 17. Qxc4 Bf7 18. Rad1 Qe7 19. Ne2 Rfd8 20. Qc1 Rac8 21.
Nf4 Qe8 22. Nd3 Bd6 23. Qd2 Bc7 24. Qf2 Bb6 25. Rd2 Ba7 26. Rfd1 Qd7 27. Nc5
Qc7 28. Rc1 b6 29. Nd3 Qb7 30. Rdc2 e5 31. Rd2 exd4 32. Bxd4 c5 33. Be3 Rd7 34.
Nf4 Rcd8 35. Qe2 Rxd2 36. Bxd2 Qd7 37. Bc3 Qxa4 38. e5 Re8 39. e6 Bg6 40. Rd1
Bb8 41. Nxg6 hxg6 42. Re1 Qc6 43. Kg2 Be5 44. Qc4 b5 45. Qa2 Qxe6 46. Qxa5 Qc6
47. Bxe5 fxe5 48. Re4 c4 49. Qe1 Qd5 50. Kf2 Rd8 51. Qc3 Qc5+ 52. Ke2 Rd4 53.
Qe3 Rxe4 54. Qxe4 Qd4 55. Qxg6 Qxb2+ 56. Kf1 Qc1+ 57. Ke2 Qh6 58. Qe8+ Kh7 59.
Qxb5 Qxh2+ 60. Ke3 Qg1+ 61. Ke2 Qd4 62. Qb1+ Kh6 63. g4 g6 64. Qb8 Kg5 65. Qb1
c3 66. Qc1+ Kh4 67. Qe1+ Kh3 68. Qf1+ Kg3 69. Qe1+ Kf4 70. Qc1+ Qd2+ 0-1

[Event "NCL967 Midland Mons-NW Eagles"]
[Site "Rd5"]
[Date "1997.??.??"]
[Round "5.5"]
[White "Collinson, Adam"]
[Black "Tebb, David"]
[Result "1-0"]
[WhiteElo "2380"]
[BlackElo "2320"]
[PlyCount "77"]
[EventDate "1997.01.25"]
[Source "J.Saunders"]
[SourceDate "1998.06.06"]

1. e4 c5 2. Nf3 Nc6 3. Bb5 g6 4. O-O Bg7 5. Re1 Nf6 6. c3 O-O 7. d4 d5 8. exd5
Qxd5 9. c4 Qd6 10. d5 Nb8 11. Nc3 a6 12. Ba4 Nbd7 13. Bg5 b5 14. cxb5 Nb6 15.
bxa6 Nxa4 16. Qxa4 Rxa6 17. Qc4 Rb6 18. Bf4 Qd8 19. Qxc5 Rxb2 20. Rac1 Bb7 21.
Rxe7 Nxd5 22. Rxb7 Nxc3 23. Rxb2 Na4 24. Qc2 Bxb2 25. Qxa4 Bxc1 26. Bxc1 Qd3
27. Qb3 Qe2 28. h3 Rc8 29. Be3 Ra8 30. a4 Qa6 31. Ne5 Qe6 32. Qb5 Rd8 33. a5
Kg7 34. Nf3 f6 35. a6 Rd1+ 36. Kh2 Qd6+ 37. g3 Ra1 38. Qb7+ Kg8 39. Bh6 1-0

[Event "NCL967 Midland Mons-NW Eagles"]
[Site "Rd5"]
[Date "1997.??.??"]
[Round "5.7"]
[White "Mason, Don"]
[Black "James, Dale"]
[Result "1-0"]
[WhiteElo "2275"]
[BlackElo "2250"]
[PlyCount "41"]
[EventDate "1997.01.25"]
[Source "J.Saunders"]
[SourceDate "1998.06.06"]

1. e4 e5 2. f4 exf4 3. Nf3 Ne7 4. d4 Ng6 5. Bc4 d6 6. Nc3 Be6 7. Qd3 Nd7 8. h4
Be7 9. h5 Nh4 10. O-O Nxf3+ 11. Rxf3 Nf6 12. Bxe6 fxe6 13. Bxf4 Qd7 14. h6 g6
15. e5 dxe5 16. Bxe5 Rf8 17. Raf1 Nd5 18. Nxd5 exd5 19. Rxf8+ Bxf8 20. Qf3
O-O-O 21. Qxf8 1-0

[Event "NCL967 Midland Mons-NW Eagles"]
[Site "Rd5"]
[Date "1997.??.??"]
[Round "5.8"]
[White "Smith, Alan A"]
[Black "Regan, Natasha"]
[Result "1-0"]
[WhiteElo "2225"]
[BlackElo "2155"]
[PlyCount "77"]
[EventDate "1997.01.25"]
[Source "J.Saunders"]
[SourceDate "1998.06.06"]

1. e4 Nf6 2. Nc3 e5 3. f4 d5 4. fxe5 Nxe4 5. Nf3 Bg4 6. Qe2 Ng5 7. d4 Bxf3 8.
gxf3 Ne6 9. Be3 c5 10. dxc5 d4 11. O-O-O Nc6 12. Qb5 Qc7 13. Bxd4 O-O-O 14. Be3
Qxe5 15. Rxd8+ Ncxd8 16. Bd2 Nf4 17. Bc4 a6 18. Qa4 Bxc5 19. Re1 Qc7 20. Nd5
Nxd5 21. Bxd5 Nc6 22. Qg4+ Kb8 23. Qxg7 Bd4 24. Qxf7 Qb6 25. c3 Rc8 26. Re8 Nd8
27. Qxh7 Qb5 28. Qe4 Bf6 29. a4 Qb6 30. Bf4+ Ka8 31. Kc2 Qf2+ 32. Bd2 Qb6 33.
h4 Rc7 34. h5 Qa5 35. h6 Qc5 36. h7 Rd7 37. h8=Q Bxh8 38. Bxb7+ Kb8 39. Bf4+
1-0

[Event "NCL967 Bristol-Guildford"]
[Site "Rd5"]
[Date "1997.??.??"]
[Round "5.1"]
[White "Kinsman, Andrew"]
[Black "Baker, Chris W"]
[Result "1-0"]
[WhiteElo "2400"]
[BlackElo "2370"]
[PlyCount "79"]
[EventDate "1997.01.25"]
[Source "J.Saunders"]
[SourceDate "1998.06.06"]

1. d4 Nf6 2. Nf3 c5 3. d5 e6 4. c4 exd5 5. cxd5 d6 6. Nc3 g6 7. Bf4 Bg7 8. Qa4+
Bd7 9. Qb3 Qc7 10. e4 O-O 11. Nd2 Re8 12. Be2 b5 13. Bxb5 Nh5 14. Be3 f5 15.
exf5 gxf5 16. g3 Bxb5 17. Nxb5 Qd7 18. Nc4 f4 19. gxf4 Qg4 20. Qd1 Qg2 21. Qxh5
Rxe3+ 22. fxe3 Qxh1+ 23. Kd2 Qg2+ 24. Kd3 Na6 25. a3 Bxb2 26. Nxb2 c4+ 27. Kc3
Rb8 28. a4 Qg7+ 29. Nd4 Rb3+ 30. Kxc4 Rb4+ 31. Kd3 Nc5+ 32. Kc3 Rb3+ 33. Kc4
Rxe3 34. Qg5 Rc3+ 35. Kb4 Qxg5 36. fxg5 Rh3 37. Rd1 Rxh2 38. Nc4 Ne4 39. Nb5
Rh4 40. Rd4 1-0

[Event "NCL967 Bristol-Guildford"]
[Site "Rd5"]
[Date "1997.??.??"]
[Round "5.2"]
[White "Beaumont, Chris"]
[Black "Povah, Nigel"]
[Result "1-0"]
[WhiteElo "2330"]
[BlackElo "2375"]
[PlyCount "65"]
[EventDate "1997.01.25"]
[Source "J.Saunders"]
[SourceDate "1998.06.06"]

1. Nf3 Nf6 2. c4 c5 3. Nc3 e6 4. g3 b6 5. Bg2 Bb7 6. O-O Be7 7. d4 cxd4 8. Qxd4
d6 9. Rd1 O-O 10. b3 Nbd7 11. e4 a6 12. Ba3 Nc5 13. e5 dxe5 14. Qxd8 Rfxd8 15.
Nxe5 Bxg2 16. Kxg2 Bd6 17. Nc6 Rd7 18. Bxc5 bxc5 19. Na4 Rc8 20. Rxd6 Rxd6 21.
Ne7+ Kf8 22. Nxc8 Rc6 23. Ncb6 Ke7 24. Rd1 a5 25. f4 g6 26. Kf3 h5 27. h3 Ke8
28. g4 Rc7 29. Nc3 Ke7 30. g5 Ne8 31. Nb5 Rc6 32. Rd7+ Kf8 33. Na4 1-0

[Event "NCL967 Bristol-Guildford"]
[Site "Rd5"]
[Date "1997.??.??"]
[Round "5.3"]
[White "Kennaugh, Charles"]
[Black "Mah, Karl"]
[Result "1-0"]
[WhiteElo "2290"]
[BlackElo "2245"]
[PlyCount "73"]
[EventDate "1997.01.25"]
[Source "J.Saunders"]
[SourceDate "1998.06.06"]

1. e4 c5 2. Nf3 d6 3. d4 cxd4 4. Nxd4 Nf6 5. Nc3 g6 6. Be3 Bg7 7. f3 O-O 8. Qd2
Nc6 9. O-O-O d5 10. Kb1 Nxd4 11. e5 Nxf3 12. gxf3 Nh5 13. Qxd5 Qc7 14. f4 Bg4
15. Rd4 Rfd8 16. Rc4 Qd7 17. Qg2 Kf8 18. Rg1 Be6 19. Rd4 Qc6 20. Qd2 Rxd4 21.
Qxd4 Bh6 22. f5 Bxe3 23. Qxe3 Bxf5 24. Qh6+ Kg8 25. Qxh5 Qc5 26. Qg5 Qf2 27.
Bd3 Bxd3 28. cxd3 Qxh2 29. Nd5 Qe2 30. Nxe7+ Kf8 31. Qf6 Qxd3+ 32. Ka1 Rd8 33.
a3 Ke8 34. Ng8 Kf8 35. e6 Kxg8 36. Qxf7+ Kh8 37. e7 1-0

[Event "NCL967 Bristol-Guildford"]
[Site "Rd5"]
[Date "1997.??.??"]
[Round "5.4"]
[White "Copeland, Graham"]
[Black "Granat, Russell"]
[Result "1/2-1/2"]
[WhiteElo "2335"]
[BlackElo "2265"]
[PlyCount "95"]
[EventDate "1997.01.25"]
[Source "J.Saunders"]
[SourceDate "1998.06.06"]

1. d4 d5 2. c4 Bf5 3. cxd5 Bxb1 4. Qa4+ c6 5. Rxb1 Qxd5 6. Nf3 Nd7 7. Bd2 Ngf6
8. Qa5 e6 9. e3 Ne4 10. Qxd5 exd5 11. Ba5 Bd6 12. Bd3 f5 13. Ke2 O-O 14. g3
Rae8 15. Be1 Ndf6 16. Nd2 Ng4 17. Nxe4 fxe4 18. Bc2 Rf3 19. h3 Nh6 20. b4 a6
21. a4 b5 22. axb5 axb5 23. Rc1 Nf5 24. Ra1 Rf8 25. Ra6 Rc8 26. Bd1 Ne7 27. Bb3
Kf7 28. Bd2 Ke6 29. Be1 g5 30. Rg1 Rcf8 31. Bc2 h5 32. Bd1 h4 33. Kf1 hxg3 34.
Bxf3 Rxf3 35. Ke2 Nf5 36. Rxc6 Kd7 37. Rc1 gxf2 38. Bxf2 Be7 39. Ra1 Rxh3 40.
Ra7+ Ke6 41. Ra6+ Kf7 42. Rb6 Nh4 43. Bxh4 gxh4 44. Rf1+ Ke8 45. Rb8+ Kd7 46.
Rb7+ Ke8 47. Rg1 Rh2+ 48. Kf1 1/2-1/2

[Event "NCL967 Bristol-Guildford"]
[Site "Rd5"]
[Date "1997.??.??"]
[Round "5.5"]
[White "Thompson, Ian"]
[Black "Phillips, Roy"]
[Result "1-0"]
[WhiteElo "2300"]
[BlackElo "2120"]
[PlyCount "65"]
[EventDate "1997.01.25"]
[Source "J.Saunders"]
[SourceDate "1998.06.06"]

1. g3 e5 2. c4 Nc6 3. Nc3 g6 4. Bg2 Bg7 5. e4 d6 6. Nge2 Nge7 7. d3 O-O 8. O-O
Be6 9. h3 Qd7 10. Kh2 f5 11. f4 Kh8 12. Nd5 Rab8 13. Rb1 b5 14. cxb5 Rxb5 15.
Nec3 Rbb8 16. Nxe7 Nxe7 17. fxe5 dxe5 18. Be3 f4 19. gxf4 exf4 20. Bxa7 f3 21.
Rxf3 Qd6+ 22. Kh1 Rxf3 23. Qxf3 Rd8 24. d4 Nc6 25. e5 Nxe5 26. dxe5 Qxe5 27.
Qe3 Qf5 28. Rf1 Qa5 29. Qxe6 Qxa7 30. Ne4 Qe3 31. Qe7 Rg8 32. Qxc7 Bxb2 33. Nd6
1-0

[Event "NCL967 Bristol-Guildford"]
[Site "Rd5"]
[Date "1997.??.??"]
[Round "5.7"]
[White "Anderton, Matthew"]
[Black "Grossett, D."]
[Result "1-0"]
[WhiteElo "2175"]
[BlackElo "1992"]
[PlyCount "47"]
[EventDate "1997.01.25"]
[Source "J.Saunders"]
[SourceDate "1998.06.06"]

1. e4 d6 2. d4 Nf6 3. Nc3 g6 4. Bg5 c6 5. Qd2 Nbd7 6. f4 Bg7 7. Nf3 Qc7 8. Bd3
e5 9. fxe5 dxe5 10. O-O-O O-O 11. Rhf1 exd4 12. Nxd4 Ng4 13. Be2 Nge5 14. Bh6
Nc5 15. Bxg7 Kxg7 16. Qf4 Ne6 17. Qf6+ Kg8 18. Ndb5 Qb8 19. Nd6 Nd7 20. Qe7 Ne5
21. Qf6 Nd7 22. Qe7 Ne5 23. Rf6 Qc7 24. Rxe6 1-0

[Event "NCL967 Bristol-Guildford"]
[Site "Rd5"]
[Date "1997.??.??"]
[Round "5.8"]
[White "Buckley, Melanie"]
[Black "Fink Nunn, Petra"]
[Result "0-1"]
[WhiteElo "2040"]
[BlackElo "2080"]
[PlyCount "86"]
[EventDate "1997.01.25"]
[Source "J.Saunders"]
[SourceDate "1998.06.06"]

1. e4 c5 2. c3 d5 3. exd5 Qxd5 4. d4 Nf6 5. Nf3 Bg4 6. Be2 Nc6 7. O-O e6 8. c4
Qd6 9. dxc5 Qxd1 10. Rxd1 Bxc5 11. Nc3 O-O 12. Bf4 Rfd8 13. Bc7 Rxd1+ 14. Rxd1
Rc8 15. Bg3 Rd8 16. Rxd8+ Nxd8 17. Kf1 Nc6 18. Ne5 Bxe2+ 19. Kxe2 Bxf2 20. Bxf2
Nxe5 21. b3 a6 22. Na4 Nfd7 23. Nc3 f5 24. Bg3 g5 25. Na4 f4 26. Bf2 Kf7 27.
Nc3 Nf6 28. Bd4 Ned7 29. Kd3 e5 30. Bg1 Ke6 31. b4 Kf5 32. a4 e4+ 33. Kd4 e3
34. a5 Ke6 35. c5 Ne5 36. Na2 Nc6+ 37. Kc4 Ne4 38. Nc1 Nd2+ 39. Kc3 Ke5 40.
Nd3+ Ke4 41. Nf2+ exf2 42. Bxf2 Nf1 43. Kc4 Ne3+ 0-1